[Event "SLO-chT U16"]
[Site "Murska Sobota"]
[Date "2018.05.13"]
[Round "4"]
[White "Gojkovic, Vito"]
[Black "Robic, Ziga"]
[Result "1-0"]
[WhiteElo "1745"]
[BlackElo "1710"]
[PlyCount "45"]
[EventDate "2018.05.11"]
[EventType "team-swiss"]
[EventRounds "5"]
[EventCountry "SLO"]
[SourceTitle "EXT 2020"]
[Source "ChessBase"]
[SourceDate "2019.10.17"]
[SourceVersion "1"]
[SourceVersionDate "2019.10.17"]
[SourceQuality "1"]

1. e4 e5 2. Nf3 Nc6 3. Nc3 Nf6 4. Bb5 Bc5 5. h3 a6 6. Bc4 d6 7. d3 h6 8. 0-0 Be6 9. Nd5 Nxd5 10. exd5 Nd4 11. Nxd4 Bxd4 12. dxe6 fxe6 13. c3 Bb6 14. Be3 Bxe3 15. fxe3 d5 16. Bb3 Qd7 17. Qh5+ Kd8 18. Rf7 Qe8 19. Raf1 b5 20. Qxe5 Rc8 21. e4 c6 22. Qd6+ Qd7 23. Qxd7# 1-0